Indian cricket century / (Record no. 129240)

MARC details
000 -LEADER
fixed length control field 00652nam a22002297a 4500
005 - DATE AND TIME OF LATEST TRANSACTION
control field 20170124110053.0
010 ## - LIBRARY OF CONGRESS CONTROL NUMBER
LC control number B-065063
020 ## - INTERNATIONAL STANDARD BOOK NUMBER
Terms of availability 240.00
International Standard Book Number 812502204
035 ## - SYSTEM CONTROL NUMBER
System control number B-065063
037 ## - SOURCE OF ACQUISITION
Source of stock number/acquisition Cen Lib/Ret
040 ## - CATALOGING SOURCE
Original cataloging agency DPL
Language of cataloging EN
082 ## - DEWEY DECIMAL CLASSIFICATION NUMBER
Classification number 796.358
Item number IND
100 ## - MAIN ENTRY--PERSONAL NAME
Personal name
9 (RLIN) 25814
245 ## - TITLE STATEMENT
Title Indian cricket century /
Statement of responsibility, etc edited by Ramachandra Guha
260 ## - PUBLICATION, DISTRIBUTION, ETC. (IMPRINT)
Place of publication, distribution, etc Hyderabad
Name of publisher, distributor, etc Oreint longman
Date of publication, distribution, etc 2002
270 ## - ADDRESS
City Hyderabad
Address 3-6-272 Himayatnagar
Postal code 500029
300 ## - PHYSICAL DESCRIPTION
Extent xii,194p.
Dimensions 20m(pbk)
650 ## - SUBJECT ADDED ENTRY--TOPICAL TERM
Topical term or geographic name as entry element Games
9 (RLIN) 22638
650 ## - SUBJECT ADDED ENTRY--TOPICAL TERM
Topical term or geographic name as entry element Cricket
9 (RLIN) 25815
700 ## - ADDED ENTRY--PERSONAL NAME
9 (RLIN) 25566
Personal name Guha, Ramachandra
942 ## - ADDED ENTRY ELEMENTS (KOHA)
Source of classification or shelving scheme Dewey Decimal Classification
Koha item type English Books
Classification part 796.358
Call number suffix IND
Holdings
Withdrawn status Lost status Damaged status Not for loan Home library Current library Date acquired Source of acquisition Cost, normal purchase price Total Checkouts Full call number Barcode Date last seen Copy number Cost, replacement price Price effective from Koha item type
        Central Library Central Library 04/07/2015 Cen Lib/Ret 240.00   796.358 IND B-065063 04/07/2015 1 240.00 04/07/2015 English Books

© Delhi Public Library
Hit Counter
free hit counter